| 000 | 00528nam a2200181 i 4500 | ||
|---|---|---|---|
| 001 | 138874 | ||
| 003 | ES-MaACL | ||
| 005 | 20230906195645.0 | ||
| 007 | t| | ||
| 008 | 070214s1975 sp bf |||| |aspa d | ||
| 080 | _a929 Sanz Gadea, Joaquín | ||
| 100 | 1 |
_aSanz Gadea, Joaquín. _9103640 |
|
| 245 | 1 | 0 |
_aEmena _b: médico del Congo / _cJoaquín Sanz Gadea. |
| 260 |
_aMadrid : _bEspasa Calpe, _c1975. |
||
| 300 |
_a359 p., 4 lám., mapas ; _c23 cm. |
||
| 600 | 1 | 4 |
_aSanz Gadea, Joaquín. _9103640 |
| 852 |
_aES-MaACL _jE-9735 |
||
| 999 |
_c138874 _d138874 |
||